Quiz dla guvvoka - Statystyki

Ogólne statystyki
  • Ten quiz został rozwiązany 4 razy
  • Średni wynik to 13 z 16
Statystyki odpowiedzi
Obrazkowy Odpowiedź % Poprawnych
Arabia Saudyjska
100%
Chiny
100%
Cypr
100%
Irak
100%
Kuba
100%
Panama
100%
Turkmenistan
100%
Walia
100%
Watykan
100%
demokratyczna republika konga
67%
gwatemala
67%
Somalia
67%
Sri Lanka
67%
Syria
67%
Ghana
33%
Suazi
0%
Nie znaleziono quizów pasujących do podanych kryteriów
Rozkład punktacji
Procent ludzi z każdym wynikiem
Percentyl według liczby udzielonych odpowiedzi
Twoja historia wyników
Nie rozwiązałeś tego quizu